000 00689nam a22002177a 4500
999 _c12791
_d12791
003 AR-CdUCM
008 190410b ||||| |||| 00| 0 spa d
040 _aMUNICIPALIDAD PROVINCIAL DEL CUSCO
_cBIBLIOTECA MUNICIPAL DEL CUSCO
082 _aES / 373.869 /
_bV21
100 _aValer, Cesar Augusto
_930857
245 _aCuentos de mi Cordillera /
260 _aLima :
_bCONCYTEC,
_c1989.
300 _a42 paginas ;
_bIlustraciones, Graficos, dibujos,
_c20 cm.
500 _aCuentos de lectura
650 _aCuentos
_9312
650 _aLiteratura
_983
650 _aTextos
_94584
700 _aBenavides Aguilar, Luis Alberto
_930858
942 _2ddc
_cLIBROS
945 _apjha
_d2019-04-10